| 000 | 00474nam a2200157Ia 4500 | ||
|---|---|---|---|
| 008 | 170224s9999 xx 000 0 und d | ||
| 100 | _aBas Hofstra, Rense Corten | ||
| 245 | _aWho was first on Facebook? Determinants of early adoption among adolescents | ||
| 245 | _cBas Hofstra, Rense Corten, Frank van Tubergen | ||
| 260 | _bNew Media & Society | ||
| 260 | _c2016 | ||
| 300 | _a18:10 | ||
| 500 | _a2016 | ||
| 650 | _xCommunication Arts | ||
| 650 | _xMultimedia Arts | ||
| 999 |
_c316316 _d316316 |
||